000 00395 a2200133 4500
020 _a9789693522259
082 _a891.4393
_bYAH
100 _aBaba, Muhammad Yahya Khan
_924098
245 _aPiya Rang Kala
_cBaba, Muhammad Yahya Khan
260 _aLahore
_bSang-e-Meel Publications
_c2012
300 _a723 p.
_c25 cm.
650 _a1. Urdu Literature-Novel
_9119685
942 _cBK
_k891.4393 BAB
_2ddc
999 _c10965
_d10965